000 00283nam a22001217a 4500
008 170614b xxu||||| |||| 00| 0 eng d
041 _aeng
080 _a94
100 _a19
101 _aSHH
245 _aTHE COMUNIST PARTY OF THE SOVIET UNION
_cSCHAPIRO.L
942 _2udc
_cBK
999 _c17246
_d17246